Ružomberok

Zobrazenie: V bielom orámovaní pohľad na Nemeckú ulicu v pozadí je vidieť zalesnený vrch, na chodníku popri budovách stoja osoby a skupinky osôb postávajú aj uprostred ulice, vpravo v pozadí je na budove nápis "Reštaurácia Salas" (terajšia Bernolákova ulica)

Bibliographic Details
Format: Postcard
Language:Slovak
PhysicalDescription:1 pohľadnica čiernobiela 9 x 14 cm
Published: [Liptovský Mikuláš] Lumen [1933?]
Subjects:

MARC

LEADER 00000nkm a2200000 a 4500
001 vtls011882747
003 SK-MaSNL
005 20260512130537.0
007 kp bo
008 240703q1933 xo g kuslo
015 |a SNBG1933 
035 |a urn:nbn:sk:snk-km00eb73 
035 |a urn:nbn:sk:snk-km43fz4 
035 |a B7B34050-9FBA-474C-8C49-2FCC39BBA2B0 
040 |a SNK  |b slo  |c SNK  |e AACR2 
041 0 |a slo 
043 |a e-xo--- 
044 |a xo  |c SK 
072 7 |a 913  |x Regionálna geografia  |2 konspekt 
080 |a 913(437.6)  |2 2011 
080 |a (084.121)  |2 2011 
080 |a 711.73  |2 2011 
245 0 0 |a Ružomberok  |h grafika 
260 |a [Liptovský Mikuláš]  |b Lumen  |c [1933?] 
300 |a 1 pohľadnica  |b čiernobiela  |c 9 x 14 cm 
500 |a Názvové údaje boli prevzaté z obrazovej strany pohľadnice 
520 8 |a Zobrazenie: V bielom orámovaní pohľad na Nemeckú ulicu v pozadí je vidieť zalesnený vrch, na chodníku popri budovách stoja osoby a skupinky osôb postávajú aj uprostred ulice, vpravo v pozadí je na budove nápis "Reštaurácia Salas" (terajšia Bernolákova ulica) 
650 0 7 |a ulice  |2 SNKPH  |9 2938 
651 7 |a Ružomberok (Slovensko)  |2 SNKPHgeo  |9 24370 
655 7 |a miestne pohľadnice  |2 SNKPH  |9 70510 
852 |a Slovenská národná knižnica 
958 |a EUIPO 
958 |a GBN 
958 |a GC 
958 |a OND 
999 |c 1205511  |d 1207441 
952 |a SNK  |b SNK  |y PREZ  |7 0  |p 17A1379908  |o snkSP 86145  |z Pohľadnica prešla poštou.  |0 0  |1 0  |4 0  |d 2019-08-21  |f 1  |l 0  |r 2026-02-24 22:55:48  |w 2026-02-24